000 00977nam a22003137a 4500
003 CHAP
005 20220329140641.0
008 971013s1979 r 00010 d
010 _a55371
011 _a56343
035 _a60496
040 _cCHAP
082 _a631.34
_bS4
100 0 0 _aSerrano Cermeño, Zoilo.
_9105210
245 _aInvernaderos
_b: instalación y manejo
260 _aMadrid :
_bMinisterio de Agricultura,
_c1979
300 _a431 p.
_b: ilus. ; gráfs.
490 _aPublicaciones de extensión agraria
500 _aFotocopia
590 _aBATCH-UPD
_b10
_c20130110
_lUCH01
_h0339
590 _aBATCH-UPD
_b10
_c20130410
_lUCH01
_h0013
590 _aBATCH-UPD
_b10
_c20130914
_lUCH01
_h1653
590 _aCONVERSION
_b10
_c20130109
_lUCH01
_h1330
650 1 4 _aInvernaderos.
_960172
830 0 _aPublicaciones de extensión agraria
_992675
901 _aBK
942 _cLIBRO
949 _a631.34 S4
_bBC
_cLIBRO
_d33724000906301
_eLIBRO
_h13301
_i60496
_sm
999 _c55371
_d55371